Just Dance 2 Songs - Statistics

General Stats
  • This quiz has been taken 315 times
  • The average score is 22 of 44
Answer Stats
Hint Answer % Correct
Ke$ha 2009 TiK ToK
83%
Avril Lavigne 2006 Girlfriend
80%
The Weather Girls 1982 It's Raining Men
73%
MIKA 2007 Big Girl (You Are Beautiful)
70%
Beyonce & Jay-Z 2003 Crazy In Love
70%
Rihanna 2006 S.O.S.
68%
Outkast 2002 Hey Ya!
67%
Blondie 1980 Call Me
64%
Britney Spears 2003 Toxic
64%
Kris Kross 1991 Jump
61%
The Pussycat Dolls 2008 When I Grow Up
61%
Reggaeton 2003 Baby Girl
60%
The Jackson 5 1969 I Want You Back
60%
Boney M. 1978 Rasputin
58%
Donna Summer 1979 Hot Stuff
57%
Vampire Weekend 2007 A-Punk
56%
The Ting Tings 2007 That's Not My Name
55%
Justice 2007 D.A.N.C.E.
53%
Wham! 1984 Wake Me Up Before You Go Go
53%
James Brown 1965 I Got You (I Feel Good)
51%
Jamiroquai 1996 Cosmic Girl
50%
Ike & Tina Turner 1991 Proud Mary
50%
Supergrass 1994 Alright
49%
Madonna 1983 Holiday
49%
Mardi Grass 1953 Iko Iko
49%
Digitalism 2007 Idealistic
45%
Sorcerer 2003 Dagomba
44%
Franz Ferdinad 2004 Take Me Out
44%
Elvis Presley 1963 Viva Las Vegas
44%
Junior Senior 2002 Move Your Feet
43%
Snap! 1990 The Power
42%
Benny Benassi 2003 Satisfaction
39%
The Beastie Boys 1998 Body Movin'
38%
Harry Belafonte 1961 Jump In The Line (Shake, Senora)
35%
The Frighteners 1962 Monster Mash
34%
Cher 1990 The Shoop Shoop Song (It's In His Kiss)
34%
The Bangles 1986 Walk Like An Egyptian
34%
The Rolling Stones 1968 Sympathy For The Devil
32%
Bollywood 2000 Katti Kalandal
31%
Quincy Jones and His Orchestra 1961 Soul Bossa Nova
31%
Charleston 1924 Mugsy Baloney
28%
Kool & the Gang 1973 Jungle Boogie
26%
Fatboy Slim 1998 Rockafeller Skank
26%
Michael Byble 2003 Sway
25%
No matching quizzes found
Score Distribution
Percent of People with Each Score
Percentile by Number Answered
Your Score History
You have not taken this quiz